000 02907nam a2200517Ia 4500
001 dia_3168
003 CHAP
005 20240228115823.0
007 ta
008 220117s2005 mx od f 001 0 spa d
040 _cCHAP
_amxchpua
090 _aT.C.405
_bB84 IA
_c2005
245 1 0 _aViaje de estudios :
_bVeracruz, Puebla y Tlaxcala /
_ccoordinadora María Ofelia Buendía González ; colaboradores Griselda Alcántara Sánchez...[et al.]
260 _aMéxico :
_bEl autor,
_c2005
300 _ai, 146 hojas :
_bilustraciones, gráficas, mapas, diagramas, fotos
336 _2rdacontent
_atexto
_btxt
337 _2rdamedia
_asin medio
_bn
338 _2rdacarrier
_avolumen
_bnc
500 _a4° año Grupo 1 Incluye directorio
502 _aViaje de Estudios
_b(IA) --
_cUACh. Departamento de Ingeniería Agroindustrial,
_d2005
504 _aIncluye bibliografías
505 _tEmpresas visitadas: -- 1. Cebadas y Maltas, S. A. de C. V. -- 2. Xochicualli: frutas y hortalizas deshidratadas -- 3. Galletera de Puebla, S. A. -- 4. ITALPASTA -- 5. Frigorífico La Brisas -- 6. Productos Agropecuarios Beristain, S. A. de C. V. -- 7. Rastro municipal de Tehuacán, Puebla -- 8. Frigorífico Papaloapan -- 9. FRUTAG, S. de P. R. de R. L. de C. V. -- 10. Compañía Cervecera del Trópico -- 11. Molinos Azteca de Veracruz, S. A. de C. V. -- 12. Transporte de carga Especializada, S. A. de C. V. -- 13. Centro Regional Universitario de Oriente -- 14. Licores La Fama, S. A. -- 15. Finca Cafetelera La Misión -- 16. Unión Regional de Pequeños Productores de Café, Agropecuaria, Forestal y de Agroindustrias de la zona de Huatusco, Veracruz, S. de S. S. -- 17. Avícola Alvor, S. A. de C. V. -- 18. Cervecería Cuauhtemoc Moctezuma, Planta Orizaba
650 1 3 _aIndustria agrícola
_x
_zMéxico
_zPuebla
650 1 3 _aIndustria agrícola
_zMéxico
_zTlaxcala
650 1 3 _aIndustria agrícola
_zMéxico
_zVeracruz
650 1 7 _aIndustria cervecera
_957799
650 1 3 _aIndustria de los alimentos
_zMéxico
_zPuebla
650 1 3 _aIndustria de los alimentos
_zMéxico
_zTlaxcala
650 1 3 _aIndustria de los alimentos
_x
_zMéxico
_zVeracruz
650 1 3 _aAgricultural industry
_zMexico
_zPuebla
650 1 3 _aAgricultural industry
_zMexico
_zTlaxcala
650 1 3 _aBrewing industry
_9151423
650 1 3 _aAgricultural industry
_zMexico
_zVeracruz
650 1 3 _aFood industry
_zMexico
_zPuebla
650 1 3 _aFood industry
_zMexico
_zTlaxcala
650 1 3 _aFood industry
_zMexico
_zVeracruz
700 1 _aBuendía González, María Ofelia
_9150532
_ecoordinadora
700 1 _aAlcantara Sánchez, Griselda
_9154218
_ecolaboradora
901 _aT.C.405 B84 IA 2005
902 _aM
905 _a5232272005 mx dnm 8223123322spa16
942 _2local
942 _cVE
999 _c173666
_d173666